00831nam a2200193 a 450000100100000000500170001000800410002704000250006824500510009326000610014430000200020550000210022570000290024604900090027595201200028495201050040495201110050999900170062000002688520200930030453.0110315s1971 dr 000 0 spa d aDO-SdBNPbspacBNPHU00aLibros Dominicanos /aeditor Julio D. Postigo. aSanto Domingo :bEditorial Librería Hispaniola,c1971. a91 P. ;c20 cm. aIncluye índice1 aPostigo, Julio D.953995 aBNPD 001054708DSaGRbGRcCTd2011-04-18iLF1l0o p26885-30r2020-06-25te. 3w2020-06-25yLFDSZPréstamo en sala 0010718PDaPDbPDcCTd2011-03-28iLF1l0o p26885-10r2020-06-25w2020-06-25yLFPDZNo se presta 0010718PDaPDbPDcCTd2011-03-28iLF1l0o p26885-20r2020-06-25te. 2w2020-06-25yLFPDZNo se presta c26377d26377